Financial management and policy
| Main Author: | |
|---|---|
| Format: | Book |
| Published: |
Englewood Cliffs, N.J :
Prentice-Hall ,
c1983
|
| Edition: | 6th ed. |
| Subjects: |
MARC
| LEADER | 00000cam a2200000 7i4500 | ||
|---|---|---|---|
| 001 | 0000001455 | ||
| 005 | 20021119.0 | ||
| 020 | |a 0133160262 | ||
| 040 | |a INS | ||
| 090 | 0 | 0 | |a HG4011. |b V34 1983 |
| 100 | 1 | |a Van Horne, James C. | |
| 245 | 1 | 0 | |a Financial management and policy |c James C. Van Horne |
| 250 | |a 6th ed. | ||
| 260 | |a Englewood Cliffs, N.J : |b Prentice-Hall , |c c1983 | ||
| 300 | |a xvii, 749p. : |b ill. ; |c 24 cm. | ||
| 650 | 0 | 0 | |a Corporations |x Finance |
| 999 | |a 0000000384 |b BOOK |c Open Shelf |e Default branch | ||